00611nam a2200157 a 450000100100000000500170001000800410002704000250006810000460009324500620013926000770020130000350027858600180031395201050033199900170043600004034820201002034056.0130822s1973 cu 000 0 spa d aDO-SdBNPbspacBNPHU1 aRuíz Rodríguez, Raúl Rubén96664410aBallet y revolución /cRaúl Rubén Ruiz Rodríguez. aLa Habana :bOrientación Revolucionaria del Comité Central,c1973--. a45 p. :bil., retrs. ;c21 cm. aPremio ensayo 001050718MOaGRbGRcCTd2013-08-22iLF1l0o p40348-10r2020-06-25w2020-06-25y1ZNo se presta c39838d39838